000 02906cam a22005654i 4500
003 PE-LiUPU
005 20250731175643.0
008 150706s2015 mx a rb 000 0 d
020 _a9786074385472
035 _a(Sirsi) i9786074385472
040 _aPE-LiUPU
_bspa
_cPE-LiUPU
_erda
049 _aPRUA
082 0 4 _a468.2
_bZ46
_221
082 0 4 _a468.2
_b46 T2 2015
_221
100 1 _aZarzar Charur, Carlos,
_eautor.
245 1 0 _aLectura, expresión oral y escrita (para el bachillerato tecnológico) /
_cCarlos Zarzar Charur.
250 _a1a ed.
264 1 _aMéxico :
_bGrupo Editorial Patria,
_c2012.
300 _a135 páginas :
_bilustraciones a color ;
_c27 cm.
336 _atext
_2rdacontent
337 _aunmediated
_2rdamedia
338 _avolume
_2rdacarrier
490 0 _aDGETI
500 _aCon apoyos audiovisuales en YouTube.
504 _aIncluye bibliografía.
505 0 _aApoyos para trabajos académicos -- Elaboración de trabajos académicos -- El análisis de textos -- La expresión oral -- La expresión escrita -- Índice de enlaces a videos en YouTube -- Índice de las lecturas de apoyo.
526 _aP145
526 _aP127
526 _aP97
526 _aP35
526 _aP14
526 _aP07
541 _g001-0037503;
541 _g001-00003175;
541 _g;
650 0 4 _aEspañol
_xComposición y ejercicios
_xEstudio y enseñanza (Superior).
650 0 4 _aComunicación
_xEstudio y enseñanza (Superior).
700 1 _aCallejas, Javier Enrique,
_edir. ed.
910 _agl
_clch
_d20130924
910 _btqv
_caic
_d20170118
942 _2ddc
_cBOOK
949 _a468.2 Z46 2
_wDEWEY
_c1
_i68316
_lCCODEBUL1
_mBUL
_p18.00
_r0
_sY
_tBOOK
_u2015-7-6
_xEDUCACION
_PP20
_o.STAFF. Colección General
949 _a468.2 Z46 T2 2015
_wDEWEY
_c1
_iFJ05530
_lCCODEBUJ1
_mBUJ
_p15.00
_r0
_sY
_tBOOK
_u2017-01-18
_xEDUCACION
_PP20
_0COMPRA
_o.STAFF. Colección General Juliaca
949 _a468.2 Z46 T2 2015
_wDEWEY
_c2
_iFJ11462
_lCCODEBUJ1
_mBUJ
_p18.00
_r0
_sY
_tBOOK
_u2018-08-15
_xEDUCACION
_PP20
_0COMPRA
_o.STAFF. Colección General Juliaca
994 _aC0
_bPEPRU
596 _a1 3
999 _a468.2 Z46 T2 2012
_wDEWEY
_c55723
_iFJ05530
_f2022-1-19
_g4
_lCCODEBUJ1
_mBUJ
_p15.00
_r0
_sY
_tBOOK
_u2017-1-18
_xEDUCACION
_PP20
_0COMPRA
_o.STAFF. Colección General Juliaca
_d55723
999 _a468.2 Z46 T2 2012
_wDEWEY
_c2
_iFJ11462
_d2018-8-23
_f2022-1-19
_g3
_lCCODEBUJ1
_mBUJ
_p18.00
_q1
_r0
_sY
_tBOOK
_u2018-8-21
_xEDUCACION
_PP14
_0COMPRA
_1FCOMPRA
_o.STAFF. Colección General Juliaca
999 _a468.2 Z46
_wDEWEY
_c1
_i68316
_d2018-4-20
_e2018-3-13
_f2021-11-8
_g5
_lCCODEBUL1
_mBUL
_n4
_p18.00
_q3
_r0
_sN
_tBOOK
_u2015-7-6
_xEDUCACION
_PP20
_0COMPRA
_o.STAFF. Colección General
980 _81
_gALBERTO SANCHEZ Responsable de Automatización